La conquista de la civilización / (Record no. 35614)
[ view plain ]
| 000 -LEADER | |
|---|---|
| campo de control de longitud fija | 00719nam a2200193 i 4500 |
| 001 - NÚMERO DE CONTROL | |
| campo de control | 35614 |
| 003 - IDENTIFICADOR DE NÚMERO DE CONTROL | |
| campo de control | ES-MaACL |
| 005 - FECHA Y HORA DE LA ÚLTIMA TRANSACCIÓN | |
| campo de control | 20250918194237.0 |
| 007 - CAMPO FIJO DE DESCRIPCIÓN FÍSICA--INFORMACIÓN GENERAL | |
| campo de control de longitud fija | t| |
| 008 - DATOS DE LONGITUD FIJA--INFORMACIÓN GENERAL | |
| campo de control de longitud fija | 030213q1934 sp ||||1| spa d |
| 100 1# - ENTRADA PRINCIPAL--NOMBRE DE PERSONA | |
| Nombre de persona | Breasted, James Henry. |
| 9 (RLIN) | 31537 |
| 245 13 - MENCIÓN DEL TÍTULO | |
| Título | La conquista de la civilización / |
| Mención de responsabilidad, etc. | James Herny Breasted ; editado en español por el Duque de Alba ; traducido del inglés por G. Sans Huelin. |
| 260 ## - PUBLICACIÓN, DISTRIBUCIÓN, ETC. | |
| Lugar de publicación, distribución, etc. | [Madrid] : |
| Nombre del editor, distribuidor, etc. | Espasa Calpe, |
| Fecha de publicación, distribución, etc. | [1934?] |
| 300 ## - DESCRIPCIÓN FÍSICA | |
| Extensión | 732 p., 29 lám., 22 map. pleg. : |
| Otras características físicas | il. ; |
| Dimensiones | 24 cm. |
| 700 1# - ENTRADA AGREGADA--NOMBRE PERSONAL | |
| Nombre de persona | Alba, Jacobo Fitz-James Stuart y Falcó, |
| Títulos y otros términos asociados al nombre | Duque de, |
| Fechas asociadas al nombre | 1878-1953 |
| 9 (RLIN) | 173467 |
| 700 1# - ENTRADA AGREGADA--NOMBRE PERSONAL | |
| Nombre de persona | Sans Huelin, Guillermo. |
| 9 (RLIN) | 103207 |
| 852 ## - LOCALIZACIÓN | |
| Ubicación | ES-MaACL |
| Número de control de estantería | A-3660 |
| Estatus retirado | Estado de pérdida | Estado de daño | No para préstamo | Biblioteca de origen | Biblioteca actual | Ubicación en estantería | Fecha de adquisición | Fuente de adquisición | Total de préstamos | Signatura topográfica completa | Código de barras | Visto por última vez | Precio de reemplazo | Tipo de ítem Koha |
|---|---|---|---|---|---|---|---|---|---|---|---|---|---|---|
| Biblioteca del Ateneo de Madrid | Biblioteca del Ateneo de Madrid | Sala Pecera Planta 1 | 17/01/2008 | A-3660 | 1037291 | 23/02/2023 | 23/02/2023 | Libro impreso |
